00977nam a2200229 i 4500001000700000003000700007005001700014008004100031080002300072100002800095245013500123260005200258300004700310490006200357504003400419534008400453650003700537700002900574710002900603830006200632852005300694187209SpMaBN20250628053604.0170508s1987 ck ch |||| |dspa d a806.0-5(035.3)"18"1 aMendoza Pérez, Diego.10aVocabulario gramatical / cDiego Mendoza Pérez ; estudio biográfico, bibliográfico y crítico por Jaime Bernal Leongómez. aBogotá : b[Instituto Caro y Cuervo], c1987. aCXIII, 312 p. : b1 retr. autor ; c21 cm.1 aPublicaciones del Instituto Caro y Cuervo. aMinor ; v28 aBibliografía: p. [307]-309. pCon reprod. facs. de la ed. de: cTunja : Imp. de Torres Hermanos y C.ª, 1884. 4aLengua española-xGramática.1 aBernal Leongomez, Jaime.2 aInstituto Caro y Cuervo.0 aPublicaciones del Instituto Caro y Cuervo. aMinor ; v28 aES-MaACLcDEPO2hDonativo José Prat jL-31552